| 000 | 00751nas a2200229 i 4500 | ||
|---|---|---|---|
| 001 | 743 | ||
| 003 | ES-MaACL | ||
| 005 | 20250812062550.0 | ||
| 007 | t| | ||
| 008 | 950801d18811892fr | | 1 ||re d | ||
| 022 | _a2016-8020 | ||
| 080 | _a7 | ||
| 245 | 0 | 0 |
_aCourrier de l'art _b: chronique hebdomadaire des ateliers, des musées, des expositions, des ventes publiques... / _cdir. Eugène Véron. |
| 260 |
_aParis : _bLibrairie de l'Art ; _aNew York : _bMacmillan, _c1881-1890. |
||
| 300 |
_a8 v. ; _c31 cm. |
||
| 310 | _aSemanal | ||
| 362 | 0 | _a1re année, n°1 (1881, 3 nov.)-10e année, n°52 (1891, 17 avr./1892, 20 déc.) | |
| 650 | 1 | 7 |
_aArte _2embne _910068 |
| 852 |
_aES-MaACL _jHem-311 |
||
| 866 | 0 | _o1881-85,1887-90 | |
| 999 |
_c743 _d743 |
||